书目信息 |
| 题名: |
海德格尔的惟一之思
|
|
| 作者: | 师庭雄 著 | |
| 分册: | ||
| 出版信息: | 北京 中国社会科学出版社 2017 |
|
| 页数: | 247页 | |
| 开本: | 24cm | |
| 丛书名: | 西方哲学研究丛书 | |
| 单 册: | ||
| 中图分类: | B086 | |
| 科图分类: | ||
| 主题词: | ||
| 电子资源: | ||
| ISBN: | 978-7-5203-0008-7 | |
| 000 | 01103oam2 2200265 450 | |
| 001 | 012001005710 | |
| 005 | 20080820173250.0 | |
| 010 | @a978-7-5203-0008-7@dCNY68.00 | |
| 100 | @a20171018d2017 kemy0chiy50 ea | |
| 101 | 0 | @achi@deng |
| 102 | @aCN@b110000 | |
| 105 | @ay v 000yy | |
| 106 | @ar | |
| 200 | 1 | @a海德格尔的惟一之思@9hai de ge er de wei yi zhi si@e存在@dThe sole thought of Heidegger@ebeing@f师庭雄著@zeng |
| 210 | @a北京@c中国社会科学出版社@d2017 | |
| 215 | @a247页@d24cm | |
| 225 | 2 | @a西方哲学研究丛书 |
| 330 | @a本书的主要工作在于把海德格尔的整体思想梳理一番,找出海德格尔“存在”运思的关键性线索。全书分为从生存论-存在论意义上追究存在;前存在论上的考察:同一者,径直去谈存在;存在命运般的遣送:作为存在之极端表达式以及作为本有之先行形式的集置等共四章。 | |
| 461 | 0 | @12001 @a西方哲学研究丛书 |
| 510 | 1 | @aSole thought of Heidegger@ebeing@zeng |
| 600 | 0 | @a海德格尔@c(Heidegger, Martin@f1889-1976)@x存在主义@x哲学思想@x研究 |
| 690 | @aB086@v5 | |
| 701 | 0 | @a师庭雄@9shi ting xiong@f(1977-)@4著 |
| 801 | 0 | @aCN@b上海新华@c20181010 |
| 905 | @b1167596-600@dB086@e105@f5 | |
| 海德格尔的惟一之思:存在=The sole thought of Heidegger:being/师庭雄著.-北京:中国社会科学出版社,2017 |
| 247页;24cm.-(西方哲学研究丛书) |
| ISBN 978-7-5203-0008-7:CNY68.00 |
| 本书的主要工作在于把海德格尔的整体思想梳理一番,找出海德格尔“存在”运思的关键性线索。全书分为从生存论-存在论意义上追究存在;前存在论上的考察:同一者,径直去谈存在;存在命运般的遣送:作为存在之极端表达式以及作为本有之先行形式的集置等共四章。 |
| ● |
| 相关链接 |
|
|
|
|
正题名:海德格尔的惟一之思
索取号:B086/105
 
预约/预借
| 序号 | 登录号 | 条形码 | 馆藏地/架位号 | 状态 | 备注 |
| 1 | 1167596 | 211675962 | 第一样本阅览室/ [索取号:B086/105] | 在馆 | |
| 2 | 1167597 | 211675971 | 第一借阅区/ [索取号:B086/105] | 在馆 | |
| 3 | 1167598 | 211675980 | 第一借阅区/ [索取号:B086/105] | 在馆 | |
| 4 | 1167599 | 211675999 | 第一借阅区/ [索取号:B086/105] | 在馆 | |
| 5 | 1167600 | 211676006 | 第一借阅区/ [索取号:B086/105] | 在馆 |